| 000 | 00669nam a22001817a 4500 | ||
|---|---|---|---|
| 008 | 090709t xxu||||| |||| 00| 0 eng d | ||
| 020 | _a9788122421613 | ||
| 020 | _a812242161x | ||
| 082 |
_a621.3028 _bBAS |
||
| 100 | 1 |
_aBasak, T. K. _97821 |
|
| 245 |
_aElectrical engineering materials / _cT. K. Basak |
||
| 260 |
_aNew Delhi : _bNew age, _cc2008. |
||
| 300 |
_axi, 187 p.: _bill.; _c24 cm. |
||
| 504 | _aIncludes bibliographical references. | ||
| 650 | 0 |
_aElectrical engineering _xMaterials. _97822 |
|
| 942 |
_2ddc _cBB |
||
| 999 |
_c12276 _d12276 |
||